000 00397nam a2200157Ia 4500
008 230917s9999||||xx |||||||||||||| ||und||
040 _e210405
_aMAIN
041 _aEnglish
082 _a515.33 S19D(15)
100 _aShanti, Narayan
245 0 _aDifferential calculus
250 _a15th ed.
260 _aNew Delhi
_bShyam Lal Charitable Trust
_c2013
300 _axi, 572p p.
942 _cBK
999 _c176702
_d176702